BUBT Library Online Catalog

জেল কোড : সংকলন এবং কারা আইন, বন্দী আইন, বন্দী সনাক্তকরণ আইন, শিশু আইন / (Record no. 6660)

000 -LEADER
fixed length control field 00792nam a22001937a 4500
003 - CONTROL NUMBER IDENTIFIER
control field BUBTL
008 - FIXED-LENGTH DATA ELEMENTS--GENERAL INFORMATION
fixed length control field 220216b ||||| |||| 00| 0 eng d
020 ## - INTERNATIONAL STANDARD BOOK NUMBER
International Standard Book Number 9789843318572
082 ## - DEWEY DECIMAL CLASSIFICATION NUMBER
Classification number 344.0525492/ Si134j/ 2015
100 ## - MAIN ENTRY--PERSONAL NAME
9 (RLIN) 4524
Personal name সিদ্দীক, মোঃ আবু বকর
245 ## - TITLE STATEMENT
Title জেল কোড : সংকলন এবং কারা আইন, বন্দী আইন, বন্দী সনাক্তকরণ আইন, শিশু আইন /
Remainder of title মোঃ আবু বকর সিদ্দীক
250 ## - EDITION STATEMENT
Edition statement 7th
260 ## - PUBLICATION, DISTRIBUTION, ETC. (IMPRINT)
Place of publication, distribution, etc. ঢাকা :
Name of publisher, distributor, etc. কামরুল বুক হউজ
Date of publication, distribution, etc. c2015
300 ## - PHYSICAL DESCRIPTION
Extent [xiii], 371p. :
Other physical details 21cm
650 ## - SUBJECT ADDED ENTRY--TOPICAL TERM
Topical term or geographic name as entry element Law
856 ## - ELECTRONIC LOCATION AND ACCESS
Password 0
Logon 0
Link text Download
942 ## - ADDED ENTRY ELEMENTS (KOHA)
Source of classification or shelving scheme
Koha item type Books
Holdings
Withdrawn status Lost status Source of classification or shelving scheme Damaged status Not for loan Collection code Permanent location Current location Shelving location Date acquired Source of acquisition Inventory number Total Checkouts Full call number Barcode Date last seen Copy number Price effective from Koha item type
        Not For Loan Non-fiction Bangladesh University of Business and Technology Library Bangladesh University of Business and Technology Library Law Stacks 03/30/2016 Purchase 22215   344.0525492/ Si134j/ 2015 BUBTL-200322215 02/16/2022 C-1 02/16/2022 Books
          Non-fiction Bangladesh University of Business and Technology Library Bangladesh University of Business and Technology Library Law Stacks 03/30/2016 Purchase 22216   344.0525492/ Si134j/ 2015 BUBTL-200322216 02/16/2022 C-2 02/16/2022 Books
          Non-fiction Bangladesh University of Business and Technology Library Bangladesh University of Business and Technology Library Law Stacks 03/30/2016 Purchase 22217   344.0525492/ Si134j/ 2015 BUBTL-200322217 02/16/2022 C-3 02/16/2022 Books

More Information About Library

Library Hours

  • Open: 9.00 am. to 9.00 pm.
  • Only Sunday: 9.00 am. to 6.00 pm.
  • Closed: Holiday

Contact to the University

Bangladesh University of Business and Technology Library

  • Mirpurl-2, 1216.
  • Phone:
  • Fax:
  • E-Mail: admin.library@bubt.edu.bd

Contact to the Library

Contact Person:

Md. Abdul Hakim Shah
Joint Librarian
PABX No:  113
Cell No: 01816332931
E-mail: official: admin.library@bubt.edu.bd
Personal: hakim.shah@bubt.edu.bd


BUBT Library

Copyright © 2021